[Event "IV Niterói Chess Open 2024"]
[Site "Rio de Janeiro"]
[Date "2024.08.29"]
[Round "2"]
[Board "2"]
[White "Quintiliano, Renato R."]
[Black "Manzi, Luiz Antonio Bardaro"]
[Result "1-0"]
[WhiteElo "2499"]
[BlackElo "1980"]
[Annotator "Chessbase"]
[PlyCount "121"]
[EventDate "2024.08.28"]
[EventRounds "7"]
[EventCountry "BRA"]

1. e4 c5 2. Nf3 d6 3. d4 cxd4 4. Nxd4 Nf6 5. Nc3 a6 6. Be2 e5 7. Nb3 Be7 8. Be3 Nbd7 9. a4 b6 10. O-O Bb7 11. Bf3 ({RR} 11. f3 Qc7 12. Qd2 O-O 13. Rfd1 Rfc8 14. Nc1 Nf8 15. N1a2 d5 16. Nxd5 Nxd5 17. exd5 Qxc2 18. Nc3 Qxd2 19. Rxd2 Bc5 20. Bxc5 Rxc5 21. Rad1 Rd8 22. Bd3 Nd7 23. Bb1 Kf8 24. Ba2 h6 25. Re1 b5 {½-½ Gruenfeld,Y (2388)-Dvoirys,S (2469) Jerusalem Summer Inv 2023 (3.5)}) 11... O-O 12. Nd5 $146 ({RR} 12. Qd2 Qc7 13. Rfd1 Rac8 14. h3 Nc5 15. Nxc5 dxc5 16. Nd5 Nxd5 17. exd5 Bd6 18. Be2 f5 19. f3 Rce8 20. c4 a5 21. Rf1 f4 22. Bf2 Qe7 23. Bd3 Bc8 24. Rfe1 Kh8 25. Kf1 Qf6 26. Be4 g5 {½-½ Andersen,M (2070)-Ziska,A (1901) Politiken Cup 29th 2007 (8)}) 12... Nxd5 13. exd5 Bg5 14. Bxg5 Qxg5 15. c4 Rac8 16. Be2 f5 17. a5 e4 18. Nd4 Rf6 19. f4 exf3 20. Rxf3 f4 21. Rf2 Nc5 22. Bf3 Re8 23. b4 Nd7 24. Ne6 Qh4 25. axb6 Rh6 26. h3 Qg3 27. Bh5 g6 28. Bg4 Ne5 29. c5 Rh4 30. Rf3 Nxf3+ 31. Qxf3 h5 32. cxd6 hxg4 33. Qxg3 fxg3 34. d7 Ra8 35. d8=Q+ Rxd8 36. Nxd8 Bxd5 37. b7 Bxb7 38. Nxb7 gxh3 39. gxh3 Rxb4 40. Nc5 Rb2 41. Rxa6 Kh7 42. Ne4 Rh2 43. Ra3 Kh6 44. Rxg3 Ra2 45. Nf2 Kh5 46. Rg4 Rb2 47. Nd3 Rb1+ 48. Kg2 g5 49. Rc4 Rb3 50. Nf2 Rb2 51. Rd4 Ra2 52. Kg3 Ra3+ 53. Rd3 Ra1 54. Rd5 Ra3+ 55. Nd3 Rc3 56. h4 Kh6 57. hxg5+ Kh5 58. Kf4 Rc4+ 59. Kf5 Rg4 60. Nf4+ Kh4 61. g6 1-0

[Event "IV Niterói Chess Open 2024"]
[Site "Rio de Janeiro"]
[Date "2024.09.01"]
[Round "7"]
[Board "29"]
[White "Nascimento, Daniel Rojas"]
[Black "Spina, Deris Eduardo"]
[Result "0-1"]
[WhiteElo "1948"]
[BlackElo "1823"]
[Annotator "Chessbase"]
[PlyCount "66"]
[EventDate "2024.08.28"]
[EventRounds "7"]
[EventCountry "BRA"]

1. e4 c5 2. Nf3 d6 3. d4 cxd4 4. Nxd4 Nf6 5. Nc3 a6 6. Bg5 Nbd7 7. Qd2 Qc7 8. O-O-O ({RR} 8. Be2 e6 9. O-O Be7 10. Rad1 h6 11. Bh4 O-O 12. Bg3 b5 13. Qe3 Bb7 14. a3 Ne5 15. Nf3 Nfg4 16. Qd4 Rfd8 17. h3 Bf6 18. Nxe5 Nxe5 19. Qe3 Rac8 20. Rd2 Nc4 21. Bxc4 Qxc4 22. Rxd6 Rxd6 {0-1 Stachanczyk,J (2243)-Cheparinov,I (2673) Albena Masters op 2012 (1)}) ({RR} 8. f4 e6 9. O-O-O b5 10. Bd3 Be7 11. Rhe1 Bb7 12. g4 Nxg4 13. Bxe7 Kxe7 14. Rg1 h5 15. h3 Ngf6 16. Rxg7 b4 17. Nd5+ Nxd5 18. exd5 Bxd5 19. Bg6 Rhf8 20. Nf5+ Kf6 21. Qd4+ e5 22. Qxd5 fxg6 {0-1 Binkowska,A (1898)-Businski,K (1680) Jana Maciei Mem 2024 (9.48)}) 8... b5 9. Kb1 Bb7 10. f3 b4 $146 ({RR} 10... Rc8 11. Bd3 e6 12. a3 Be7 13. h4 h6 14. Be3 Ne5 15. Qf2 d5 16. exd5 Nxd5 17. Nxd5 Bxd5 18. Qg3 Nxd3 19. Qxc7 Rxc7 20. Rxd3 b4 21. axb4 Bxb4 22. Bd2 Be7 23. Rc3 Kd7 24. Rxc7+ Kxc7 25. h5 {½-½ Vukmirovic,D (2083)-Bjelopoljak,S (2138) Gorazde op 2009 (7)}) ({RR} 10... e6 11. h4 h6 12. Be3 Ne5 13. g4 O-O-O 14. Ncxb5 axb5 15. Nxb5 Nxf3 16. Qe2 Qa5 17. Rh3 Bxe4 18. Rxf3 Kd7 19. Bd2 Bxf3 20. Qxf3 Qb6 21. g5 hxg5 22. hxg5 Nd5 23. Qxf7+ Be7 24. Re1 Rdf8 25. Qxe6+ {1-0 Szobi,T (2230)-Horvath,I (2340) HUN-chT3 Hungary 1997}) ({RR} 10... g6 11. h4 h5 12. Rc1 O-O-O 13. Qf2 Bg7 14. Be3 Ne5 15. Nb3 Nc4 16. Bd4 Rhg8 17. Bd3 e5 18. Be3 Nxe3 19. Qxe3 Qb8 20. Rhd1 d5 21. exd5 Nxd5 22. Nxd5 Rxd5 {½-½ Kotze de Vos,C-Bhatt,V IBCA-ol blind 11th 2000 (6.1)}) 11. Nce2 e6 12. g4 Be7 13. h4 a5 14. Bxf6 Nxf6 15. g5 Nh5 16. Rg1 Qc5 17. Ng3 Nxg3 18. Rxg3 a4 19. h5 g6 20. Bb5+ Kf8 21. Qh2 b3 22. c3 bxa2+ 23. Ka1 a3 24. hxg6 axb2+ 25. Kxb2 Bxg5 26. g7+ Kxg7 27. Rxg5+ Qxg5 28. Rg1 a1=Q+ 29. Rxa1 Rxa1 30. Kxa1 Qc1+ 31. Ka2 Ra8+ 32. Kb3 Qa3+ 33. Kc4 Rc8+ 0-1

[Event "IV Niterói Chess Open 2024"]
[Site "Rio de Janeiro"]
[Date "2024.08.29"]
[Round "2"]
[Board "12"]
[White "Casalaspro, Mathias Andre"]
[Black "Peixoto, Helio Ricardo Soutinho"]
[Result "1-0"]
[WhiteElo "2199"]
[BlackElo "1937"]
[Annotator "Chessbase"]
[PlyCount "69"]
[EventDate "2024.08.28"]
[EventRounds "7"]
[EventCountry "BRA"]

1. e4 c5 2. Nf3 d6 3. d4 cxd4 4. Nxd4 Nf6 5. Nc3 a6 6. Bg5 Nbd7 7. Be3 Qc7 ({RR} 7... h5 8. Be2 e6 9. f4 g6 10. O-O Be7 11. h3 Qc7 12. a4 b6 13. Bf3 e5 14. Nde2 Bb7 15. Qd3 Rc8 16. Rad1 Kf8 17. f5 gxf5 18. exf5 Rg8 19. Bxb7 Qxb7 20. Rf2 Ke8 21. Kh2 h4 22. Ng1 {0-1 Vachier Lagrave,M (2737)-Indjic,A (2636) PRO League Prelim 2023 (3.4)}) 8. g4 Nb6 $146 ({RR} 8... h6 9. a4 e6 10. h4 h5 11. g5 Ng4 12. g6 Nde5 13. gxf7+ Qxf7 14. Qe2 Nxe3 15. fxe3 Bd7 16. O-O-O O-O-O 17. Bh3 Be7 18. Rdf1 Bf6 19. Rhg1 Qe7 20. Rf4 Kb8 21. Qe1 Rh6 22. Nce2 Ng6 23. Qb4 {0-1 Vaishali,R (2425)-Yilmaz,M (2609) Tata Steel Challengers 2023 (9.2)}) ({RR} 8... h6 9. h4 Ne5 10. f3 e6 11. Rg1 g6 12. a4 Nc4 13. Bc1 Bd7 14. b3 Ne5 15. Bb2 d5 16. Kf2 Bb4 17. Na2 Bc5 18. exd5 exd5 19. Kg2 O-O-O 20. Be2 Rde8 21. Qd2 Nexg4 22. fxg4 Bxg4 23. Bxg4+ {0-1 Sadhwani,R (2644)-Tabatabaei,M (2718) Chess Stars 4.0 Blitz 2024 (8.2)}) ({RR} 8... h6 9. a4 b6 10. Bg2 Bb7 11. h4 Ne5 12. g5 hxg5 13. hxg5 Rxh1+ 14. Bxh1 Nfd7 15. Nd5 Bxd5 16. exd5 g6 17. Qe2 Bg7 18. f4 Nc4 19. Nc6 Na5 20. Bd4 Nxc6 21. dxc6 Ne5 22. fxe5 dxe5 23. Bc3 {1-0 Kochavi,O (2356)-Leib,Y (1673) Ramat Gan Shavuot Rapid 2022 (5)}) ({RR} 8... h6 9. a4 Ne5 10. h3 Bd7 11. f4 Nc4 12. Bxc4 Qxc4 13. Qd3 Rc8 14. e5 Qxd3 15. cxd3 dxe5 16. fxe5 Nh7 17. Ke2 e6 18. Rac1 Be7 19. Ne4 O-O 20. a5 f5 21. exf6 Nxf6 22. Nxf6+ Bxf6 23. b4 {0-1 Vaishali,R (2425)-Tabatabaei,M (2686) Tata Steel Challengers 2023 (13.4)}) 9. Rg1 h5 10. h3 hxg4 11. hxg4 e5 12. Nf5 Be6 13. Qd2 O-O-O 14. O-O-O d5 15. Bxb6 Qxb6 16. exd5 Nxd5 17. Bg2 Bb4 18. Bxd5 Bxd5 19. Ne7+ Bxe7 20. Nxd5 Qc5 21. Rg3 Kb8 22. Rd3 Bh4 23. Qe2 Rhe8 24. f3 Qc4 25. Qh2 Bg5+ 26. Kb1 Rd6 27. b3 Qc5 28. c4 Rh6 29. Qe2 Ree6 30. Nc3 Bf4 31. Na4 Qc6 32. Rd8+ Kc7 33. c5 Rh2 34. Nb6 Qxc5 35. Na8+ 1-0

[Event "IV Niterói Chess Open 2024"]
[Site "Rio de Janeiro"]
[Date "2024.08.30"]
[Round "4"]
[Board "44"]
[White "Lopes, Eduardo Moraes"]
[Black "Gomes, Carlos"]
[Result "1-0"]
[WhiteElo "1933"]
[BlackElo "1695"]
[Annotator "Chessbase"]
[PlyCount "41"]
[EventDate "2024.08.28"]
[EventRounds "7"]
[EventCountry "BRA"]

1. e4 c5 2. Nf3 d6 3. d4 cxd4 4. Nxd4 Nf6 5. Nc3 a6 6. Bg5 e5 7. Bxf6 gxf6 8. Nf5 Bxf5 9. exf5 Nd7 10. Bc4 Nb6 11. Bb3 $146 ({RR} 11. Bd5 Qc7 12. Qd3 Bh6 13. Ne4 O-O-O 14. O-O Bg5 15. a4 Nd7 16. b4 Kb8 17. a5 Rc8 18. c4 Ka8 19. Rfb1 Kb8 20. Bxf7 d5 21. Bxd5 Rhd8 22. g3 Bh6 23. b5 Nc5 24. Nxc5 Qxc5 25. bxa6 Rc7 {1-0 Bjornsson,S (2310)-Ingvason,J (2122) Reykjavik Open 2023 (9.48)}) 11... h5 12. Nd5 Nxd5 13. Qxd5 Qc7 14. O-O-O Rh7 15. Rd3 Qc6 16. Rc3 Qd7 17. Qe4 Rd8 18. Bd5 Bh6+ 19. Kb1 Rg7 20. h3 Rb8 21. Rb3 1-0

[Event "IV Niterói Chess Open 2024"]
[Site "Rio de Janeiro"]
[Date "2024.08.31"]
[Round "6"]
[White "Da Cunha, Fabio Barbosa"]
[Black "De Almeida, Roberto A. Ferreira"]
[Result "1/2-1/2"]
[WhiteElo "2034"]
[BlackElo "1775"]
[Annotator "Chessbase"]
[PlyCount "88"]
[EventDate "2024.08.28"]
[EventRounds "7"]
[EventCountry "BRA"]

1. e4 e6 2. d3 d5 3. Nd2 Nc6 4. Ngf3 e5 5. exd5 Qxd5 6. g3 Bg4 ({RR} 6... Nf6 7. Bg2 Bg4 8. O-O Bc5 9. Qe1 O-O 10. Ng5 Qd7 11. Nde4 Nxe4 12. Nxe4 Bb6 13. Be3 Rae8 14. Nc5 Qc8 15. Qc3 Bh3 16. Bxh3 Qxh3 17. Nxb7 Nd4 18. Bxd4 exd4 19. Qd2 Re5 20. Rae1 Rh5 21. f4 {1-0 Jimenez Fernandez,R (2073)-Hernando Rodrigo,J (2233) Titled Tue 4th Jun Late 2024 (3)}) 7. h3 Bh5 8. g4 $146 ({RR} 8. Bg2 f5 9. O-O Nf6 10. g4 fxg4 11. Nxe5 Qxg2+ 12. Kxg2 gxh3+ 13. Kxh3 Bxd1 14. Rxd1 Nxe5 15. Re1 O-O-O 16. Rxe5 Bd6 17. Re2 Rhf8 18. Ne4 Nxe4 19. dxe4 Be5 20. Be3 Bxb2 21. Rg1 Rde8 22. c4 Bc3 {0-1 Krivenko,D (2100)-Kazarian,A (2170) 2nd Laimer Pfingst-Open 2023 (9.16)}) 8... Bg6 9. Bg2 Qd8 10. Qe2 f6 11. O-O Bd6 12. Nh4 Nge7 13. c3 Qd7 14. Ne4 O-O-O 15. Be3 f5 16. Nxg6 hxg6 17. Nxd6+ Qxd6 18. gxf5 gxf5 19. Rad1 f4 20. Bc1 Qg6 21. Qg4+ Qxg4 22. hxg4 g5 23. Be4 Rh4 24. f3 Rdh8 25. Kf2 Rh2+ 26. Ke1 Rg2 27. Rd2 Rxd2 28. Bxd2 Rh2 29. Rf2 Rxf2 30. Kxf2 Kd7 31. b4 b5 32. Ke2 a5 33. bxa5 Nxa5 34. c4 b4 35. Bxb4 Nac6 36. Bc5 Nd4+ 37. Kd2 Ne6 38. Bf2 c5 39. Kc3 Nd4 40. Bxd4 exd4+ 41. Kb3 Kc7 42. a4 Kb6 43. Ka3 Ka5 44. Kb3 Nc8 1/2-1/2

[Event "IV Niterói Chess Open 2024"]
[Site "Rio de Janeiro"]
[Date "2024.08.31"]
[Round "6"]
[White "Hubner, Jessica Trindade"]
[Black "Dos Santos, Jackson De Souza Te"]
[Result "1/2-1/2"]
[WhiteElo "1845"]
[BlackElo "1773"]
[Annotator "Chessbase"]
[PlyCount "119"]
[EventDate "2024.08.28"]
[EventRounds "7"]
[EventCountry "BRA"]

1. e4 e6 2. d4 d5 3. exd5 exd5 4. Nf3 Nf6 5. Bd3 Bd6 6. h3 O-O 7. O-O h6 8. Re1 c6 9. Be3 ({RR} 9. c3 Re8 10. Be3 Nbd7 11. Nbd2 Nf8 12. Rc1 Ne6 13. Bb1 Nf4 14. Bxf4 Bxf4 15. Qc2 g6 16. Rxe8+ Qxe8 17. Re1 Qd8 18. Ne5 Bf5 19. Qc1 Bxb1 20. Qxb1 Bxd2 21. Re2 Bg5 22. Nxg6 Ne4 23. Ne5 Qf6 {0-1 Balint,V (2161)-Sohier,J (2214) Titled Tue 11th Apr Early 2023 (6)}) 9... Re8 10. Nbd2 Be6 $146 ({RR} 10... Nbd7 11. Nh4 Qc7 12. Qf3 Nf8 13. Bxh6 gxh6 14. Qxf6 Rxe1+ 15. Rxe1 Bf4 16. Ndf3 Qd6 17. Qxd6 Bxd6 18. Re8 f6 19. Nf5 Bf4 20. Rxc8 Rxc8 21. Ne7+ Kf7 22. Nxc8 Bb8 23. Nh4 Ne6 24. Nf5 h5 25. Ncd6+ {1-0 Jeziorny,J (1782)-Blajet,R (1720) Wloclawek CC Classic 20th 2018 (5)}) 11. c4 dxc4 12. Nxc4 Bc7 13. Qc2 Na6 14. a3 Nd5 15. Bf5 Bxf5 16. Qxf5 Qf6 17. Qc2 Bf4 18. Re2 Re7 19. Rae1 Rae8 20. Nce5 c5 21. Ng4 Qc6 22. Bxf4 Rxe2 23. Rxe2 Rxe2 24. Qxe2 Nxf4 25. Qe3 Ne6 26. dxc5 Qxc5 27. Qd2 Nac7 28. Ne3 Nb5 29. Nc2 Qd6 30. Qe2 a6 31. a4 Nbc7 32. Ne3 Qf4 33. Qc2 Qb4 34. b3 b5 35. axb5 axb5 36. Qd3 Qe7 37. Qf5 Qc5 38. Qd3 Qe7 39. Nc2 Qd8 40. Qxd8+ Nxd8 41. Nfd4 Nde6 42. Kf1 Kf8 43. Ke2 Ke7 44. Kd2 Nf4 45. Nf5+ Kf6 46. Nfe3 Nfd5 47. Kd3 Nxe3 48. Nxe3 Ke5 49. Kc3 Nd5+ 50. Nxd5 Kxd5 51. Kb4 Kc6 52. g3 h5 53. f3 g5 54. Kc3 Kc5 55. b4+ Kd5 56. Kd3 Ke5 57. Ke3 f6 58. f4+ Kd5 59. fxg5 fxg5 60. Kd3 1/2-1/2

[Event "IV Niterói Chess Open 2024"]
[Site "Rio de Janeiro"]
[Date "2024.08.29"]
[Round "2"]
[Board "31"]
[White "Guimaraes, Artemis Pamela"]
[Black "Dos Santos, Jackson De Souza Teles"]
[Result "1-0"]
[WhiteElo "2002"]
[BlackElo "1773"]
[Annotator "Chessbase"]
[PlyCount "40"]
[EventDate "2024.08.28"]
[EventRounds "7"]
[EventCountry "BRA"]

1. e4 e6 2. d4 d5 3. exd5 exd5 4. Bf4 Nf6 5. Nc3 Bf5 ({RR} 5... Be7 6. Bd3 O-O 7. Qf3 Nc6 8. Nge2 Nb4 9. h3 Nxd3+ 10. Qxd3 Nh5 11. Be5 g6 12. O-O-O c6 13. Kb1 b5 14. Nc1 Nf6 15. Rde1 a5 16. Qe3 a4 17. Bc7 Qxc7 18. Qxe7 Qxe7 19. Rxe7 b4 20. N3e2 {½-½ Landa,K (2505)-Morozevich,A (2590) RUS-Cup07 Tomsk 1998 (4)}) 6. Qd2 $146 ({RR} 6. Qe2+ Be7 7. Nb5 Na6 8. Bg5 O-O 9. O-O-O Bg4 10. f3 Bf5 11. g4 Be6 12. h4 c6 13. Nc3 Nc7 14. h5 h6 15. Bh4 Kh7 16. Qd3+ g6 17. hxg6+ fxg6 18. Bg5 Ng8 19. Bxe7 Qxe7 20. Re1 Rf7 {0-1 Van der Ham,M (1233)-Warmer,M (793) Hengelo U12 op 2005 (7)}) ({RR} 6. Nf3 Be7 7. Be2 O-O 8. O-O c6 9. Qd2 Nbd7 10. a3 Ne4 11. Nxe4 Bxe4 12. Bg3 Re8 13. Rfe1 Bf6 14. Rad1 Qb6 15. c3 h6 16. h3 Qb3 17. Bf4 Nb6 18. Ne5 Bxe5 19. Bxe5 Na4 20. Ra1 Qxb2 {½-½ Rosca,M (1337)-Cojocaru,F (1633) ROM-ch U12 Calimanesti Caciulata 2019 (5)}) ({RR} 6. Nb5 Na6 7. Qd2 c6 8. Nc3 Qb6 9. O-O-O Be7 10. Re1 Be6 11. Nf3 O-O 12. Bd3 Nb4 13. Re3 Qa5 14. a3 a6 15. Nb1 Nxd3+ 16. Qxd3 c5 17. dxc5 Bxc5 18. b4 Bxe3+ 19. Bxe3 Qc7 20. h4 Rac8 {0-1 Klesen,J-Hahn,C GER-chT U12 Leipzig 2008 (2)}) ({RR} 6. Bd3 Bxd3 7. Qxd3 c6 8. O-O-O Be7 9. Nge2 O-O 10. Ng3 Re8 11. Nf5 Bf8 12. f3 Na6 13. Rde1 Nh5 14. Bd2 Qc7 15. Ne2 Nb4 16. Bxb4 Bxb4 17. c3 Bf8 18. Qd2 g6 19. Nh6+ Kh8 20. g4 Rxe2 {0-1 Schaefer,G-Kugelmann,W Bahn-chT Bernkastel-Kues 1995 (2.2)}) 6... Nc6 7. h3 Bd6 8. O-O-O Qd7 9. g4 Bg6 10. a3 O-O-O 11. h4 h6 12. Bh3 Bxf4 13. Qxf4 Qd6 14. Qxd6 Rxd6 15. g5+ Nd7 16. Nb5 Re6 17. Bxe6 fxe6 18. h5 hxg5 19. Ne2 Rxh5 20. Rxh5 Bxh5 1-0

[Event "IV Niterói Chess Open 2024"]
[Site "Rio de Janeiro"]
[Date "2024.08.29"]
[Round "3"]
[Board "50"]
[White "Bessa, Isabela Moreira"]
[Black "Vaz, Osvaldo Jose"]
[Result "0-1"]
[WhiteElo "1800"]
[BlackElo "1755"]
[Annotator "Chessbase"]
[PlyCount "94"]
[EventDate "2024.08.28"]
[EventRounds "7"]
[EventCountry "BRA"]

1. e4 e6 2. d4 d5 3. exd5 exd5 4. Nf3 Nf6 5. Bd3 Bd6 6. O-O O-O 7. Re1 Bg4 8. Nbd2 Nbd7 ({RR} 8... Nc6 9. c3 Qd7 10. Nf1 Rae8 11. Rxe8 Rxe8 12. Bg5 Ne4 13. Bh4 Bf4 14. Bg3 Bh6 15. h3 Bh5 16. Bh2 Qe7 17. Ng3 Nxg3 18. Bxg3 Nd8 19. Qe1 Qf8 20. Qf1 Bxf3 21. gxf3 Qe7 22. Bc2 c6 23. Qd3 {½-½ Zozulia,A (2234)-Zatonskih,A (2368) Frauenbundesliga 2022-23 (7.3)}) 9. Nf1 ({RR} 9. c3 c6 10. Nf1 Qc7 11. Ng3 Rae8 12. Bd2 Ne4 13. Nxe4 dxe4 14. Rxe4 Bxh2+ 15. Kf1 Rxe4 16. Bxe4 Bf4 17. Qc1 Bxd2 18. Nxd2 f5 19. Bd3 Qh2 20. f3 Nf6 21. Kf2 Bxf3 22. Nxf3 Ng4+ 23. Kf1 Qh1+ {1-0 Vaibhav,S (2558)-Aravindh,C (2593) Commonwealth-ch 2017 (6)}) 9... c5 10. c3 Qc7 11. Be2 $146 ({RR} 11. Ng3 c4 12. Bc2 Rae8 13. h3 Bxf3 14. gxf3 Bxg3 15. fxg3 Qxg3+ 16. Kf1 Qxh3+ 17. Kf2 Qh2+ 18. Kf1 Nh5 19. Re3 Ng3+ 20. Ke1 Qg1+ 21. Kd2 Qxe3# {0-1 Martemyanov,V-Kosenkov,E (2076) Pavlovo 2011 (11)}) 11... Rfe8 12. Bg5 Ne4 13. Bh4 Ndf6 14. Bg3 Nxg3 15. Nxg3 Re7 16. dxc5 Bxc5 17. Nd4 Rae8 18. Ndf5 Bxf5 19. Nxf5 Bxf2+ 20. Kxf2 Qf4+ 21. Kg1 Qxf5 22. Rc1 Qf4 23. Rc2 Qe3+ 24. Kf1 Ng4 25. Bxg4 Qxe1+ 26. Qxe1 Rxe1+ 27. Kf2 R1e5 28. Re2 f5 29. Bf3 g5 30. h3 Kg7 31. g4 f4 32. b3 Kf6 33. a4 b6 34. Rd2 Ke6 35. b4 Rc8 36. Rc2 Re3 37. c4 Rxc4 38. Bd1 Rxc2+ 39. Bxc2 d4 40. Bxh7 Rxh3 41. Bf5+ Ke5 42. Kg2 Rg3+ 43. Kf2 d3 44. Ke1 Kd4 45. Kd2 Rg2+ 46. Kd1 Kc3 47. b5 Rg1# 0-1

[Event "IV Niterói Chess Open 2024"]
[Site "Rio de Janeiro"]
[Date "2024.08.30"]
[Round "4"]
[Board "45"]
[White "Vieira, Luana Saddi"]
[Black "Brito, Vicente De Paulo Alencar"]
[Result "0-1"]
[WhiteElo "1705"]
[BlackElo "1865"]
[Annotator "Chessbase"]
[PlyCount "70"]
[EventDate "2024.08.28"]
[EventRounds "7"]
[EventCountry "BRA"]

1. e4 e6 2. d4 d5 3. e5 c5 4. c3 Nc6 5. Nf3 Bd7 6. Be2 f6 7. O-O fxe5 8. dxe5 Qc7 9. Bb5 $146 ({RR} 9. Na3 a6 10. Bf4 Nh6 11. Nc2 Nf7 12. c4 d4 13. Bd3 Be7 14. Qe2 g5 15. Bg3 O-O-O 16. b4 h5 17. h4 Nxb4 18. Nxb4 cxb4 19. Nxd4 gxh4 20. Bf4 Rdg8 21. c5 Rg4 22. Qe3 Bxc5 23. Rfc1 Kb8 {0-1 Kupreichik,V (2490)-Gulko,B (2530) URS-ch44 Final 1976 (5)}) ({RR} 9. c4 d4 10. Re1 O-O-O 11. Bd3 Nh6 12. Na3 a6 13. Nc2 Nf7 14. Bf4 Be7 15. h4 Rdg8 16. Ng5 Nxg5 17. hxg5 Be8 18. Qg4 Qd7 19. a3 Bg6 20. Rad1 Rf8 21. Bc1 a5 22. b3 {½-½ Zhigalko,S (2671)-Alekseev,E (2632) EU-ch rapid Tallinn 2016 (11)}) ({RR} 9. c4 d4 10. Bf4 Nge7 11. Nbd2 Ng6 12. Bg3 Be7 13. Ne4 O-O 14. Bd3 Nf4 15. Neg5 g6 16. h4 Kg7 17. Re1 h6 18. Ne4 Nxe5 19. Nxe5 Qxe5 20. Qg4 Qf5 21. Qf3 Bc6 22. Kh2 g5 23. Bxf4 Qxf4+ {1-0 Korchmar,V (2438)-Vyatkin,D (2362) Titled Tue 20th Jun Early 2023 (9)}) ({RR} 9. c4 Nxe5 10. cxd5 O-O-O 11. Nc3 Nf6 12. Bg5 Bd6 13. g3 Rhe8 14. Rc1 Kb8 15. Bxf6 gxf6 16. Ne4 Nxf3+ 17. Bxf3 Bb5 18. Re1 exd5 19. Nxf6 Rxe1+ 20. Qxe1 Qf7 21. Qc3 Rf8 {0-1 Kindermann,S (2490)-Lobron,E (2505) Zonal Beersheba 1985}) ({RR} 9. c4 O-O-O 10. Bg5 Nge7 11. Nc3 Nxe5 12. cxd5 Be8 13. Re1 Nf7 14. Bh4 exd5 15. Rc1 Bc6 16. b4 cxb4 17. Nb5 Qb6 18. Nfd4 Rd7 19. Bg4 g5 20. Bxd7+ Kxd7 21. Qg4+ {1-0 Hecht,H (2430)-Meyer,H (2330) Bundesliga 8889 1988 [7]}) 9... O-O-O 10. Bxc6 Bxc6 11. Ng5 Re8 12. Be3 Nh6 13. f4 Nf7 14. Nxf7 Qxf7 15. Nd2 Rd8 16. Nb3 h6 17. a4 Qg6 18. Qe2 b6 19. Rf2 Kb7 20. h3 Be7 21. Qc2 Qe8 22. Nc1 Bh4 23. Rd2 Qg6 24. Qb3 d4 25. cxd4 cxd4 26. f5 Qxf5 27. Bxd4 Rxd4 28. Qc2 Rxd2 29. Qxd2 Rd8 30. Qe2 Qe4 31. Qxe4 Bxe4 32. Ne2 Rd2 33. Nc3 Rxg2+ 34. Kf1 Bc6 35. Nb5 Rf2+ 0-1

[Event "IV Niterói Chess Open 2024"]
[Site "Rio de Janeiro"]
[Date "2024.08.28"]
[Round "1"]
[Board "53"]
[White "Chaves, Jorge Antonio Torres"]
[Black "Vaz, Vania Dora Madona"]
[Result "1-0"]
[WhiteElo "1924"]
[BlackElo "1502"]
[Annotator "Chessbase"]
[PlyCount "99"]
[EventDate "2024.08.28"]
[EventRounds "7"]
[EventCountry "BRA"]

1. e4 e6 2. d4 d5 3. e5 c5 4. c3 Qb6 5. Nf3 Nc6 6. Bd3 Nge7 7. Na3 ({RR} 7. dxc5 Qxc5 8. Be3 Qa5 9. Nbd2 Ng6 10. Bxg6 hxg6 11. Nb3 Qc7 12. Bf4 f6 13. Qe2 g5 14. Bg3 g4 15. Nfd4 Nxe5 16. O-O-O Bd7 17. f4 gxf3 18. gxf3 O-O-O 19. f4 Nc4 20. Nxe6 Bxe6 21. Qxe6+ Qd7 {½-½ Firouzja,A (2737)-Nakamura,H (2794) Bullet Chess Winners 2024 (5.26)}) 7... a6 8. Nc2 Nf5 9. O-O Be7 $146 ({RR} 9... cxd4 10. cxd4 Be7 11. b3 Nfxd4 12. Nfxd4 Nxd4 13. Nxd4 Qxd4 14. Bb5+ {1-0 Bertuolo,S (1514)-Carugati,V (1438) Ceriano Laghetto Inverno op 2007 (2)}) 10. Re1 O-O 11. g4 c4 12. Bf1 Nh4 13. Nxh4 Bxh4 14. g5 Ne7 15. Qh5 Ng6 16. b3 f6 17. gxf6 gxf6 18. Bh6 Rf7 19. bxc4 fxe5 20. Be3 e4 21. Kh1 Bxf2 22. Re2 Bxe3 23. Rxe3 Qd8 24. Rg3 Qf6 25. Ne3 Rg7 26. Ng4 Qe7 27. Bh3 Bd7 28. Rag1 Rf8 29. Nh6+ Kh8 30. cxd5 exd5 31. Bf5 Bxf5 32. Nxf5 Rxf5 33. Qxf5 Rf7 34. Qxd5 e3 35. Re1 b6 36. Rxg6 hxg6 37. Qe5+ Qf6 38. Qxf6+ Rxf6 39. Rxe3 Kg7 40. Kg2 b5 41. Re7+ Rf7 42. Rxf7+ Kxf7 43. Kf3 Ke6 44. Ke4 a5 45. d5+ Kd6 46. Kd4 g5 47. h3 a4 48. a3 b4 49. cxb4 Kd7 50. Kc5 1-0

[Event "IV Niterói Chess Open 2024"]
[Site "Rio de Janeiro"]
[Date "2024.08.31"]
[Round "6"]
[White "Dos Santos, Thiago L Verbicario"]
[Black "Pontes, Luiz Felizola Lima"]
[Result "0-1"]
[WhiteElo "1897"]
[BlackElo "1777"]
[Annotator "Chessbase"]
[PlyCount "96"]
[EventDate "2024.08.28"]
[EventRounds "7"]
[EventCountry "BRA"]

1. d4 d5 2. c4 c6 3. cxd5 cxd5 4. Nc3 Nc6 5. e4 e6 6. e5 Qb6 7. Nf3 Nge7 8. Bd3 Bd7 9. Bc2 ({RR} 9. Bb1 Rc8 10. O-O Ng6 11. h4 Be7 12. g3 O-O 13. h5 Nh8 14. Qd3 g6 15. a3 f5 16. exf6 Rxf6 17. Ne2 Rcf8 18. Bf4 Rf5 19. hxg6 Nxg6 20. Qd2 R5f6 21. Bxg6 Rxg6 22. Rae1 Bf6 23. Nc3 Nxd4 {0-1 Martinez Ramirez,L (2415)-Perez Rodriguez,J (2254) Titled Tue 7th Feb Early 2023 (1)}) ({RR} 9. Be3 a6 10. O-O Ng6 11. h4 Be7 12. h5 Nh4 13. Nxh4 Bxh4 14. Qg4 Be7 15. Qxg7 O-O-O 16. Na4 Qa5 17. Nc5 Rhg8 18. Qh6 Bxc5 19. dxc5 Nxe5 20. Bxh7 Ng4 21. Qf4 Rg7 22. Bd3 Nxe3 23. Qxe3 Rdg8 {1-0 Dmitrenko,V (2395)-Donatti,A (2193) Titled Tue 5th Mar Early 2024 (5)}) 9... Ng6 10. h4 Rc8 $146 ({RR} 10... Bb4 11. h5 Nge7 12. h6 gxh6 13. Bxh6 O-O-O 14. Bg5 h5 15. Bf6 Rhg8 16. g3 Rg4 17. a3 Ba5 18. O-O Bxc3 19. bxc3 Rdg8 20. Bh7 Re8 21. Rb1 Qc7 22. Ng5 Ng8 23. Nxf7 Nxf6 24. Nd6+ Kd8 25. Nxb7+ {0-1 Viskelis,D (2223)-Agibileg,U (2413) Titled Tuesday intern op 19th Jan blitz 2021 (5)}) 11. h5 Nge7 12. O-O g6 13. a3 Nf5 14. Bxf5 gxf5 15. Bg5 Na5 16. Qe2 Nb3 17. Rad1 Rxc3 18. bxc3 Bb5 19. c4 Bxc4 20. Qc2 Bxa3 21. Rb1 a5 22. Nd2 a4 23. Nxc4 dxc4 24. Qxc4 Qc6 25. Qxc6+ bxc6 26. Rfd1 Kd7 27. Rd3 Rb8 28. Rd2 Bc1 29. Ra2 Bxg5 30. Rxa4 Kc8 31. Ra7 Nxd4 32. Rxb8+ Kxb8 33. Rxf7 c5 34. Rxh7 c4 35. h6 Bxh6 36. Rxh6 c3 37. Rh1 c2 38. Kh2 Ne2 39. f3 c1=Q 40. Rxc1 Nxc1 41. g4 fxg4 42. fxg4 Nd3 43. Kg3 Kc7 44. g5 Nxe5 45. Kf4 Kd6 46. Ke4 Ng6 47. Kf3 Ke5 48. Kg4 Ke4 0-1